|
|
|
|
| LEADER |
00702nab a2200193 i 4500 |
| 001 |
publ26251 |
| 005 |
20230120101544.0 |
| 008 |
230120s2018 hu o 0|| Magyar d |
| 022 |
|
|
|a 1785-3184
|
| 024 |
7 |
|
|a 33574743
|2 mtmt
|
| 040 |
|
|
|a SZTE Publicatio Repozitórium
|b hun
|
| 041 |
|
|
|a Magyar
|
| 100 |
1 |
|
|a Meleg Sándor Zsolt
|
| 245 |
1 |
0 |
|a Kell-e félnünk az adalékanyagoktól? Táplálkozás és egészség a médiában
|h [elektronikus dokumentum] /
|c Meleg Sándor Zsolt
|
| 260 |
|
|
|c 2018
|
| 300 |
|
|
|a 32-33
|
| 490 |
0 |
|
|a ÉLELMEZÉS
|v 16 No. 6
|
| 650 |
|
4 |
|a Egészségtudományok
|
| 856 |
4 |
0 |
|u http://publicatio.bibl.u-szeged.hu/26251/1/Elelmezes2018-06Kell-efelnunkazadalekanyagoktol.pdf
|z Dokumentum-elérés
|